| 000 | 00345 a2200133 4500 | ||
|---|---|---|---|
| 001 | 90472 | ||
| 082 | _a891.4393 ASK | ||
| 090 |
_c42805 _d42805 |
||
| 100 | _aMohammad Hassan Askari | ||
| 245 |
_aAskari Nama _bAfsanay, Mazameen _hUrdu |
||
| 260 |
_aLahore _bSang-e-Meel Publications _c1998 |
||
| 300 | _a635p. | ||
| 500 | _aGeneral Collection | ||
| 942 |
_aCAE NUST _k891.4393 ASK |
||
| 999 |
_c325545 _d325545 |
||